Statistics for Famous Triangles

Click here to take the quiz!

General Stats

  • This quiz has been taken 46 times
    (33 since last reset)
  • The average score is 5 of 17

Answer Stats

HintAnswer% Correct
Spooky place in the CaribbeanBermuda Triangle
100%
Triangle in which all three sides are equalequilateral triangle
61%
A triangle with three unequal sidesscalene triangle
43%
Brand of Swiss chocolate bar with triangular shapeToblerone
43%
A triangle with two equal sidesisosceles triangle
39%
Three people in an amorous relationshiplove triangle
39%
Iconic Manhattan triangular skyscraperFlatiron Building
21%
A triangular array of the binomial coefficientsPascal's Triangle
21%
Teletubby with a triangle on its headTinky Winky
21%
Triangular dream demon of Gravity FallsBill Cipher
14%
The All-Seeing Eye of ProvidenceIlluminati Triangle
14%
One of its older logos was a red triangle with a white kangarooQantas
14%
North Carolina region of three universitiesResearch Triangle
11%
Devil's Sea - Pacific version of the aboveDragon Triangle
4%
California's highest cannabis-producing region in USEmerald Triangle
4%
Reutersvard's impossible tribarPenrose Triangle
4%
Distilling aparatusPerkin Triangle
4%

Score Distribution

Percentile by Number Answered

Percent of People with Each Score

Your Score History

You have not taken this quiz since the last reset